Gandhi : (Record no. 601)

MARC details
000 -LEADER
fixed length control field 00801cam a2200277 a 4500
005 - DATE AND TIME OF LATEST TRANSACTION
control field 20260322212026.0
008 - FIXED-LENGTH DATA ELEMENTS--GENERAL INFORMATION
fixed length control field data
010 ## - LIBRARY OF CONGRESS CONTROL NUMBER
LC control number 89051020
020 ## - INTERNATIONAL STANDARD BOOK NUMBER
International Standard Book Number 0300045956
020 ## - INTERNATIONAL STANDARD BOOK NUMBER
International Standard Book Number 0300051255
020 ## - INTERNATIONAL STANDARD BOOK NUMBER
International Standard Book Number 9780300045956
020 ## - INTERNATIONAL STANDARD BOOK NUMBER
International Standard Book Number 9780300051254
040 ## - CATALOGING SOURCE
Original cataloging agency DLC
Transcribing agency DLC
Modifying agency OCoLC
043 ## - GEOGRAPHIC AREA CODE
Geographic area code a-ii---
082 00 - DEWEY DECIMAL CLASSIFICATION NUMBER
Classification number B GANDHI, M
099 ## - LOCAL FREE-TEXT CALL NUMBER (OCLC)
Classification number GANDMP
001 - CONTROL NUMBER
control field data
100 1# - MAIN ENTRY--PERSONAL NAME
Personal name Brown, Judith M.
Dates associated with a name 1944-
Fuller form of name (Judith Margaret),
245 10 - TITLE STATEMENT
Title Gandhi :
Remainder of title prisoner of hope /
Statement of responsibility, etc. Judith M. Brown.
260 ## - PUBLICATION, DISTRIBUTION, ETC.
Place of publication, distribution, etc. New Haven :
Name of publisher, distributor, etc. Yale University Press,
Date of publication, distribution, etc. 1994, c1989.
300 ## - PHYSICAL DESCRIPTION
Extent xii, 440 p. :
Other physical details ill. ;
Dimensions 24 cm.
504 ## - BIBLIOGRAPHY, ETC. NOTE
Bibliography, etc. note Includes bibliographical references (p. [432]-433)
600 00 - SUBJECT ADDED ENTRY--PERSONAL NAME
Personal name Gandhi,
Titles and other words associated with a name Mahatma,
Dates associated with a name 1869-1948.
650 #0 - SUBJECT ADDED ENTRY--TOPICAL TERM
Topical term or geographic name entry element Nationalists
Geographic subdivision India
Form subdivision Biography.
650 #0 - SUBJECT ADDED ENTRY--TOPICAL TERM
Topical term or geographic name entry element Statesmen
Geographic subdivision India
Form subdivision Biography.
Holdings
Withdrawn status Lost status Damaged status Not for loan Home library Current library Shelving location Date acquired Total checkouts Full call number Barcode Date last seen Price effective from Koha item type
        Troy Troy General stacks 22/03/2026   B GANDHI, M BC0010616 22/03/2026 22/03/2026 Books